[Event "ENG-ch (Women)"]
[Site "Kenilworth"]
[Date "2024.06.21"]
[Round "4"]
[White "Rida, Ruqayyah"]
[Black "Subramanian, Anusha"]
[Result "1/2-1/2"]
[WhiteElo "1962"]
[BlackElo "2050"]
[PlyCount "65"]
[EventDate "2024.06.20"]
[EventType "swiss"]
[EventRounds "7"]
[EventCountry "ENG"]
[SourceTitle "CBM 220 Extra"]
[Source "ChessBase"]
[SourceDate "2024.07.31"]
[SourceVersion "1"]
[SourceVersionDate "2024.07.31"]
[SourceQuality "1"]

1. e4 e6 2. d4 d5 3. Nd2 c5 4. exd5 exd5 5. dxc5 Bxc5 6. Nb3 Be7 7. Nf3 Nc6 8. c3 Nf6 9. Bd3 Bg4 10. Be2 0-0 11. 0-0 Re8 12. Be3 Qc7 13. Nbd4 a6 14. h3 Nxd4 15. Nxd4 Bxe2 16. Qxe2 Bc5 17. Rad1 Re4 18. Qf3 Bxd4 19. Bxd4 Nd7 20. Rd3 Rae8 21. g3 h6 22. Kg2 b5 23. Rfd1 a5 24. R1d2 R8e6 25. Kh2 Re8 26. Qh5 Qc6 27. Qd1 R8e6 28. Kg2 Re8 29. g4 R8e6 30. Rg3 Re1 31. Qf3 Ne5 32. Bxe5 R6xe5 33. Kh2 1/2-1/2